000 00305nam a2200133Ia 4500
008 150301s2015 xx 000 0 und d
082 _a615.4
_bE12B
100 _aD.K BASU
245 _aESSENTIALS OF PHARMACOLOGY
260 _bCBS- DELHI
300 _a168
650 _aPHARMACOLOGY
942 _2ddc
_cBK
_01
999 _c7073
_d7073